[Event "EU-ch 6th"]
[Site "Warsaw"]
[Date "2005.06.21"]
[Round "4"]
[White "Mazi, Leon"]
[Black "Kurnosov, Igor"]
[Result "0-1"]
[WhiteElo "2365"]
[BlackElo "2550"]
[Annotator "Erenburg,S"]
[PlyCount "58"]
[EventDate "2005.06.18"]
[EventType "swiss"]
[EventRounds "13"]
[EventCountry "POL"]
[SourceTitle "CBM 108"]
[Source "ChessBase"]
[SourceDate "2005.09.26"]
[SourceVersion "1"]
[SourceVersionDate "2005.09.26"]
[SourceQuality "1"]

{[%mdl 8]} 1. e4 c5 2. Nf3 d6 3. d4 cxd4 4. Nxd4 Nf6 5. Nc3 a6 6. Bg5 e6 7. f4
Nbd7 {Black prevents White's e4-e5 advance. The greatest expert of this line
is Boris Gelfand. Other theoretical lines are:} (7... b5 8. e5 dxe5 9. fxe5 Qc7
{1-0 Mamedov,R-Mazi,L/Warsaw 2005/CBM 108_01/[Erenburg] (33)}) (7... Qb6) 8.
Qf3 {The idea of this move is to castle long, as well as to react e4-e5 on
Black's possible b7-b5. Other possibilities are:} (8. Bc4 Qb6 9. Qd2 Qxb2 10.
Rb1 Qa3 11. Bxe6 $5 fxe6 12. Nxe6 Kf7 13. f5 Qa5 14. O-O b5 15. a4 Bb7 16. axb5
Rc8 17. bxa6 Bxa6 18. Rf3 Be7 19. Rg3 Rhg8 20. Qe1 Bc4 $17 {0-1 Radjabov,
T-Gelfand,B/15th European Team Championship 2005 (31)}) (8. Qe2 Be7 9. O-O-O
Qc7 {0-1 Kristensen,B-Hansen,C/Taastrup 1998/CBM 065/[Tyomkin,D] (49)}) (8. Be2
{0-1 Ljubojevic,L-Gelfand,B/Linares 1991/CBM 022/[Boensch,U] (58)}) 8... h6 {
This is a rare theoretical line in comparison to} (8... Qc7 9. O-O-O b5 10. Bd3
Bb7 11. Rhe1 Qb6 12. Nd5 Qxd4 13. Bxf6 gxf6 14. Bxb5 Qc5 15. Nxf6+ Kd8 16. Nxd7
Qxb5 17. Nxf8 Rxf8 18. Qa3 Rc8 19. Qxd6+ Ke8 20. c3 Qc6 21. Qb4 a5 22. Qxa5 Ra8
23. Qg5 f6 24. Qd5 Qxc3+ 25. bxc3 exd5 $17 {0-1 Nakamura,H-Gelfand,B/Biel SUI
2005/The Week in Chess 560 (39)}) 9. Bh4 e5 {The idea of this move is to get a
central e5 square for the knight.} 10. Nde2 $6 $146 {Very strange decision.
White plays too passive, while he could occupy the f5 square. After such a
passive move it is very difficult to fight for an advantage... In the previous
games White tried} (10. Nf5 exf4 11. Bxf6 (11. O-O-O g5 12. Bf2 Ne5 13. Qe2 Qc7
$13) 11... Nxf6 12. O-O-O Qa5 13. Bc4 Be6 14. e5 O-O-O 15. exf6 Qxf5 16. Bxa6
d5 17. Bc4 Qxf6 18. Nxd5 $16 {1-0 Santo Roman,M-Colovic,A/Sautron 2004/EXT
2005 (51)}) (10. Bxf6 Nxf6 11. fxe5 dxe5 12. Nf5 Bxf5 13. Qxf5 Qa5 14. O-O-O
Bb4 15. Nd5 Nxd5 16. Rxd5 Qxa2 17. Qd7+ Kf8 18. c3 Be7 19. Qxb7 Qa1+ 20. Kc2
Re8 21. Qxa6 $16 {1-0 Nemeth,M-Vegh,E/Hungary 2002/EXT 2004 (33)}) 10... exf4 {
Black forces exchange of the dark-squared bishop.} 11. Bxf6 {Otherwise, White
will be a pawn down:} (11. O-O-O g5 12. Be1 Ne5 $17) (11. Nd5 g5 12. Bf2 Nxd5
13. exd5 Qa5+ $17 {[%cal Yd7e5]}) 11... Nxf6 12. Nxf4 Bg4 ({In case of} 12...
Qb6 13. O-O-O Bg4 {White can react} 14. Nfd5 $1 Bxf3 15. Nxb6 Bxd1 16. Nxa8 Bg4
$11) 13. Qe3 {covering the g1-a7 diagonal.} Rc8 ({Worth consideration:} 13...
g5 14. Nfd5 Bg7 $13) 14. h3 ({In my opinion, better was} 14. Be2 Bxe2 $6 (14...
Be7 $5 $13) (14... Bd7 $5 $13) 15. Qxe2 $14 {[%csl Gd5][%cal Yc3d5,Yf4d5]})
14... Bd7 15. O-O-O {I think, that the option of a short castle was a bit
preferable for White. The side, who has a pair of bishops, usually is better
in a struggle on two flanks.} (15. Be2 Be7 16. O-O O-O $11 17. Rad1 $141 $2 d5
$15) 15... Be7 16. Kb1 {moving away the king from diagonal h6-c1.} O-O 17. g3 {
preparing to develop light-squared bishop on a long diagonal.} (17. Nfd5 Re8
18. Bd3 $11) 17... Re8 18. Bg2 Bf8 19. Rhf1 ({Worth consideration:} 19. Ncd5
Ba4 (19... Nxe4 20. Bxe4 f5 21. Qb3 $18) (19... Nxd5 $11) 20. Rd2 Nxe4 21. Bxe4
f5 22. Nb6 Rxe4 23. Qf2 Rc6 24. Nfd5 $13) 19... Re5 $1 {transfering the rook
to queenside via 5-th rank.} 20. Rd2 (20. Nd3 {isn't better, than the move in
the game:} Ra5 (20... Rxc3 $5 21. bxc3 Rb5+ 22. Ka1 Be6 $44) 21. e5 dxe5 22.
Nxe5 Qe8 23. Rfe1 Be6 $15) 20... Qa5 21. Rdf2 $2 {missing Black's tactical
resources... Better was to occupy the d5 square:} (21. Nfd5 Nxd5 22. Nxd5 Be6
23. Rfd1 $11) {[%tqu "En","Please find the best move for black.","","","d6d5",
"",10]} 21... d5 $1 {[%cal Gf8c5][%mdl 64]} 22. Nd3 $2 (22. Nfxd5 Nxd5 23. Nxd5
Qxd5 $19) ({The least of the evils was} 22. Qd4 $1 dxe4 23. Nxe4 Nxe4 24. Bxe4
Bf5 $15) {[%tqu "En","Please enter the strongest move for black.","","","c8c3",
"",10]} 22... Rxc3 $1 $19 {[%mdl 640]} 23. bxc3 {[%tqu "En","Black sacrifeced
the exchange. How would you develop initiative?","","","f8a3","",10]} Ba3 $1 {
[%mdl 128]} 24. Qd4 (24. Rxf6 dxe4 25. Bxe4 Rb5+ 26. Nb4 gxf6 $19) (24. Qf4 {
doesn't help too much:} Re6 $1 {[%cal Ge6b6]} 25. Nb4 Bxb4 26. cxb4 Qxb4+ $19)
24... Nxe4 {adding the knight to an attack.} 25. Ka1 $2 ({More resistant was} 
25. Qxe5 Nxc3+ 26. Qxc3 (26. Ka1 Bd6 $19) 26... Qxc3 27. Bxd5 Be6 $17 {/-+})
25... Nxc3 $1 $19 {[%cal Ga3c5] Now White cannot avoid big material loses...}
26. Rxf7 (26. Nxe5 Bb4 (26... Bc5 $2 27. Bxd5 Bxd4 28. Bxf7+ Kh8 29. Ng6+ Kh7
30. Nf8+ $11) 27. Bxd5 Nxd5 28. Qc4 Bc3+ (28... Be6 $19) 29. Kb1 Bxe5 30. Rxf7
Qb6+ 31. Qb3 Nc3+ 32. Kc1 Qe3+ $19) 26... Bc5 27. Rxg7+ (27. Bxd5 {loses as
well:} Bxd4 28. Rf8+ Kh7 29. Bg8+ Kg6 30. Bf7+ Kg5 31. h4+ Kg4 $19) 27... Kh8
$1 ({Of course not} 27... Kxg7 $4 28. Qxe5+ $18) 28. Rg8+ Kxg8 29. Bxd5+ Rxd5 {
Great game by Igor!} (29... Rxd5 30. Qc4 Bd4 $19 {[%csl Yd4][%cal Gc3e4,Ge4d2,
Yd4a1]}) 0-1

[Event "USA-CHN Summit"]
[Site "Seattle"]
[Date "2001.03.16"]
[Round "3.4"]
[White "Shabalov, Alexander"]
[Black "Zhang, Zhong"]
[Result "0-1"]
[WhiteElo "2609"]
[BlackElo "2607"]
[Annotator "Ernst,T"]
[PlyCount "112"]
[EventDate "2001.03.14"]
[EventType "team"]
[EventRounds "4"]
[EventCountry "USA"]
[SourceTitle "CBM 082"]
[Source "ChessBase"]
[SourceDate "2001.05.17"]
[SourceVersion "1"]
[SourceVersionDate "2001.05.17"]
[SourceQuality "1"]
[WhiteTeam "US of America"]
[BlackTeam "China"]
[WhiteTeamCountry "USA"]
[BlackTeamCountry "CHN"]

1. e4 c5 2. Nf3 d6 3. d4 cxd4 4. Nxd4 Nf6 5. Nc3 a6 6. Bg5 e6 7. f4 Qc7 8. Qf3
Nc6 9. O-O-O Bd7 10. f5 $6 (10. Nxc6 bxc6 11. Bc4 Be7 (11... d5 12. Bxf6 gxf6
13. exd5 cxd5 14. Bxd5 exd5 15. Nxd5 $16) 12. Rd3 O-O (12... d5 13. exd5 cxd5
14. Bxf6 Bxf6 15. Bxd5 exd5 16. Nxd5 Qb8 17. Nxf6+ gxf6 18. Re1+ Be6 19. Rb3
Qc8 20. f5 $18) 13. Rhd1 d5 14. Bxf6 (14. e5 dxc4 15. Bxf6 $1 {Stahlberg} cxd3
16. Qg4 Bxf6 17. exf6 g6 18. Qg5 Kh8 19. Rxd3 e5 20. Ne4 Rg8 21. g4 Qb6 $19 22.
Rxd7) 14... Bxf6 15. exd5 cxd5 16. Bxd5 exd5 17. Nxd5 Bxb2+ 18. Kxb2 Qd6 19.
Ne7+ Qxe7 20. Rxd7 Qb4+ 21. Kc1 Rfb8 22. a3 Qb2+ 23. Kd2 $14) 10... Be7 11. Qh3
Nxd4 12. Rxd4 b5 13. Be2 Rc8 $11 14. a3 Nxe4 $1 $17 15. Rxe4 Bxg5+ 16. Kb1 O-O
17. Rg4 Bf6 18. Bd3 exf5 19. Nd5 Qd8 20. Rf1 g6 21. Bxf5 Bxf5 22. Rxf5 Bg7 23.
Rf1 f5 24. Rb4 Re8 25. g4 $5 fxg4 26. Qxg4 Re5 27. Re4 Kh8 28. Rxe5 dxe5 29.
Rf7 Qe8 30. Ra7 (30. Nc7 $1 Qxf7 31. Qxc8+ Qf8 (31... Qg8) 32. Qxf8+ Bxf8 33.
Nxa6 e4 34. Nc7 Bd6 35. Nxb5 Bxh2 36. Nc3 e3 $13) 30... Qf8 31. Rxa6 Rd8 32.
Qg2 Qc5 33. Nb4 Kg8 34. Ra8 Rxa8 35. Qxa8+ Bf8 36. Nd3 (36. Qd5+ Kg7 $15) 36...
Qg1+ 37. Ka2 Qd4 38. Qc6 Bd6 39. Qxb5 e4 40. Nc1 Bxh2 $17 41. Ne2 Qe5 42. Qd7
Qf5 43. Qd8+ Kg7 44. a4 h5 45. a5 Be5 46. Qa8 Qf7+ 47. b3 Qf1 $1 $19 48. Qa7+
Kg8 49. Nd4 Qd1 50. c3 Qd2+ 51. Ka3 Qxc3 52. Nb5 Qc1+ 53. Ka4 e3 54. Qa8+ Kh7
55. Qe4 Qa1+ 56. Kb4 (56. Kb4 Qe1+ 57. Ka4 e2 58. Qxe5 Qh4+ 59. b4 e1=Q $19)
56... Qe1+ 0-1

[Event "Capablanca Memorial-A"]
[Site "Matanzas"]
[Date "1994.??.??"]
[Round "3"]
[White "Becerra Rivero, Julio"]
[Black "Van Wely, Loek"]
[Result "1/2-1/2"]
[WhiteElo "2480"]
[BlackElo "2570"]
[Annotator "Ernst,T"]
[PlyCount "118"]
[EventDate "1994.??.??"]
[EventType "tourn"]
[EventRounds "11"]
[EventCountry "CUB"]
[EventCategory "10"]
[SourceTitle "CBM 043"]
[Source "ChessBase"]
[SourceDate "1994.12.01"]
[SourceVersion "1"]
[SourceVersionDate "1994.12.01"]
[SourceQuality "1"]

1. e4 c5 2. Nf3 d6 3. d4 cxd4 4. Nxd4 Nf6 5. Nc3 a6 6. Bg5 e6 7. f4 Nbd7 8. Qf3
Qc7 9. O-O-O b5 10. Bd3 Bb7 11. Rhe1 O-O-O 12. a3 Be7 13. Bh4 (13. Qf1 Qb6 14.
Nf3 Rhe8 15. h3 Nc5 16. f5 exf5 17. exf5 d5 $10 {Georgadze,T-Schneider/Lvov/
1986/}) (13. Qe2 $1 h6 14. Bh4 Nc5 15. Bf2 d5 16. e5 Nfe4 17. Bxe4 dxe4 18. Kb1
Na4 19. Nxa4 bxa4 {Adams-Gelfand/Wijk m(1)/1994/} 20. c3 $14) 13... Kb8 14. Bf2
Nc5 15. Kb1 d5 16. e5 Nfe4 17. Bxe4 Nxe4 18. Nxe4 dxe4 19. Qe3 Bd5 20. Ne2 b4
21. axb4 Bxb4 22. c3 Be7 23. Qb6+ Qb7 24. Ng3 h5 25. Kc1 e3 26. Bxe3 h4 27. Ne2
Bxg2 28. Rxd8+ Rxd8 29. Qxb7+ Kxb7 30. Rd1 Rxd1+ 31. Kxd1 $15 Kc6 32. c4 f6 33.
Nd4+ Kd7 34. exf6 Bxf6 35. c5 e5 36. fxe5 Bxe5 37. Bg1 g5 38. b4 g4 39. b5 Bxd4
(39... axb5 40. Nxb5 g3 41. hxg3 Bxg3 $17) 40. Bxd4 axb5 41. Bf2 g3 42. hxg3 h3
43. Bg1 Ke6 44. Kd2 Bc6 45. Ke3 Kf5 (45... Kd5 46. Kd3 b4 $17) 46. Bh2 Bd7 47.
Kd4 Kf6 48. Bg1 Kg5 49. Ke4 Bc6+ 50. Ke3 Kf5 51. Bh2 Ke5 52. g4+ Kd5 53. Bd6
Bd7 54. g5 Ke6 55. Kf3 Kf5 56. Be7 b4 57. Kg3 b3 58. Bf6 Kg6 59. c6 Bxc6
1/2-1/2

[Event "Olympiad-34"]
[Site "Istanbul"]
[Date "2000.11.12"]
[Round "14.3"]
[White "Hector, Jonny"]
[Black "Kulaots, Kaido"]
[Result "0-1"]
[WhiteElo "2509"]
[BlackElo "2491"]
[Annotator "Ernst,T"]
[PlyCount "136"]
[EventDate "2000.10.28"]
[EventType "team-swiss"]
[EventRounds "14"]
[EventCountry "TUR"]
[SourceTitle "EXT 2001"]
[Source "ChessBase"]
[SourceDate "2000.11.22"]
[SourceVersion "1"]
[SourceVersionDate "2000.11.22"]
[SourceQuality "1"]
[WhiteTeam "Sweden"]
[BlackTeam "Estonia"]
[WhiteTeamCountry "SWE"]
[BlackTeamCountry "EST"]

1. e4 c5 2. Nf3 d6 3. d4 cxd4 4. Nxd4 Nf6 5. Nc3 a6 6. Bg5 e6 7. f4 Qc7 8. Qf3
b5 9. f5 Nc6 10. Nxc6 Qxc6 11. Bxf6 gxf6 12. Bd3 Ra7 $1 13. O-O-O b4 14. Ne2 e5
{Similar positions often arise in the Richter-Rauser attack, where white's
usual plan is Ng3, but this seems to be too slow here.} 15. Kb1 a5 16. Nc1 Bh6
17. Qe2 Ke7 18. Bb5 Qb6 19. Ba4 Ba6 $15 20. Qh5 Bxc1 21. Bb3 Rf8 22. Rxc1 a4
23. Bd5 a3 $40 24. Rcd1 axb2 25. Rhe1 Qc5 26. Qf3 Bc4 27. Bxc4 Qxc4 28. Qb3 Qc6
29. Qd5 Qc7 30. Re2 Ra5 31. Qb3 Rfa8 32. Rd3 Ra3 33. Qxb2 Qa7 34. Rxa3 bxa3 35.
Qc3 Qb6+ 36. Kc1 Ra4 37. Re3 Qb7 38. Qb3 Qxb3 39. Rxb3 (39. cxb3 Rd4 $36) 39...
Rxe4 40. Rxa3 Re2 $17 41. Ra7+ Kf8 42. Rd7 Rxg2 43. Rxd6 Rxh2 44. Kb2 (44. Rxf6
Rf2 45. a4 Kg7 $17) 44... Ke7 45. Rd1 Rf2 46. a4 Rxf5 47. a5 Rg5 48. a6 Rg8 49.
Kb3 f5 50. Kb4 f4 51. a7 Ke6 52. Kc5 f3 53. Rf1 e4 54. Kd4 Kf5 55. Ke3 Ra8 56.
Ra1 Kg4 57. c4 (57. Kxe4 f2 58. Ke3 Kg3) 57... Kg3 58. Rg1+ Kh2 59. Ra1 Kg2 60.
c5 f5 $19 61. Ra2+ Kg3 62. c6 f4+ 63. Kxe4 f2 64. Ra1 Rxa7 65. Rxa7 f1=Q 66.
Rg7+ Kf2 67. Kxf4 Qc1+ 68. Kf5 Qxc6 0-1

[Event "Cannes team g/60"]
[Site "Cannes"]
[Date "1992.??.??"]
[Round "6"]
[White "Van der Wiel, John"]
[Black "Renet, Olivier"]
[Result "1/2-1/2"]
[WhiteElo "2540"]
[BlackElo "2495"]
[Annotator "Ernst,T"]
[PlyCount "59"]
[EventDate "1992.02.??"]
[EventType "team"]
[EventRounds "6"]
[EventCountry "FRA"]
[SourceTitle "CBM 028"]
[Source "ChessBase"]
[SourceDate "1992.06.01"]
[SourceVersion "1"]
[SourceVersionDate "1992.06.01"]
[SourceQuality "1"]

1. e4 c5 2. Nf3 d6 3. d4 cxd4 4. Nxd4 Nf6 5. Nc3 a6 6. Bg5 e6 7. f4 Qc7 8. Qf3
Nbd7 9. O-O-O b5 10. Bxb5 axb5 11. Ndxb5 Qb8 12. e5 Bb7 13. Qe2 dxe5 14. Qc4
Be7 15. Nc7+ Kf8 16. Rxd7 Nxd7 17. Bxe7+ $5 {Eine sehr interessante Neuerung
in dieser Wild-West-Variante!} (17. Rd1 Bxg5 18. fxg5 Bc8 19. N3b5 g6 $13 {
Kengis - Dvojris, URS 1982.}) 17... Kxe7 18. Rd1 Bd5 19. N3xd5+ exd5 20. Nxd5+
Kd8 (20... Kf8 21. Nc7 $36) 21. Nb4 Qc7 22. Qxf7 Ra5 23. Nd5 Rxd5 24. Rxd5 Re8
25. Qxg7 exf4 26. Qf6+ Kc8 27. Qa6+ Kd8 28. Qf6+ Kc8 29. Qg7 Kd8 30. Qxh7
1/2-1/2

[Event "Olympiad-39"]
[Site "Khanty-Mansiysk"]
[Date "2010.09.29"]
[Round "8.1"]
[White "Shirov, Alexei"]
[Black "Berg, Emanuel"]
[Result "1-0"]
[WhiteElo "2749"]
[BlackElo "2616"]
[Annotator "Estremera,S"]
[PlyCount "71"]
[EventDate "2010.09.21"]
[EventType "team-swiss"]
[EventRounds "11"]
[EventCountry "RUS"]
[SourceTitle "CBM 139"]
[Source "ChessBase"]
[SourceDate "2010.11.18"]
[SourceVersion "1"]
[SourceVersionDate "2010.11.18"]
[SourceQuality "1"]
[WhiteTeam "Spain"]
[BlackTeam "Sweden"]
[WhiteTeamCountry "ESP"]
[BlackTeamCountry "SWE"]

1. e4 c5 2. Nf3 d6 3. d4 cxd4 4. Nxd4 Nf6 5. Nc3 a6 6. Bg5 e6 7. f4 Nbd7 8. Qe2
{Una antigua idea recuperada últimamente con muy buenos resultados} Qc7 ({
En la quinta ronda de la Olimpiada el GM Daniel Alsina se enfrentó con éxito a
} 8... Be7 9. O-O-O h6 10. Bh4 O-O 11. g3 Qc7 12. Bg2 Nb6 13. g4 Nxe4 14. Nxe4
Bxh4 15. g5 d5 16. Qg4 f5 17. Nf6+ Rxf6 18. Qxh4 Rg6 19. Kb1 hxg5 20. Qh5 Qf7
21. Nf3 Rf6 22. Qxg5 Nc4 23. Bf1 Nd6 24. Ne5 Qf8 25. Rg1 Ne4 26. Qh4 b5 27. Rd3
Qb4 28. c3 Qa4 29. Be2 Nc5 {1-0 Alsina Leal,D (2523)-Urkedal,F (2430)
Khanty-Mansiysk 2010}) 9. O-O-O b5 10. a3 {Posición crítica de este sistema:}
Bb7 ({Contra la más directa} 10... Rb8 {en el torneo interzonal de Petrópolis
David Bronstein empleó el sacrificio temático} 11. Nd5 $1 exd5 12. exd5+ Be7
13. Nc6 Nb6 14. Bxf6 gxf6 {y consiguió una posición muy prometedora para las
blancas en Bronstein,D-Gheorghiu,F Petropolis (izt) 1973 1-0 en 36 jugadas}) ({
ya en 2010 Loek van Wely probó} 10... Be7 11. g4 Rb8 12. Bg2 b4 13. axb4 Rxb4
14. e5 dxe5 15. Nc6 {!de nuevo la casilla c6!} Bb7 16. Nxb4 Bxb4 17. fxe5 Bxc3
18. exf6 gxf6 19. bxc3 fxg5 20. Bxb7 Qxb7 21. h4 Qc7 22. hxg5 Qxc3 23. Qxa6 Nc5
24. Qa8+ Ke7 25. Qa7+ Kf8 26. Rhf1 {y 1-0 en Ivanchuk,V (2749)-Van Wely,L 
(2641) Wijk aan Zee 2010}) 11. g4 Be7 12. Bh4 $1 {amenazando g5.} Nb6 ({
Las siguientes partidas dan una idea de los peligros que acechan a las negras} 
12... h6 13. Kb1 Rb8 14. Rg1 Ba8 15. Bg2 b4 16. axb4 Rxb4 17. Qxa6 Qb8 18. Ndb5
g5 19. e5 Bxg2 20. Rxg2 gxh4 21. exf6 Nxf6 22. g5 hxg5 23. fxg5 Ng4 24. g6 Bf6
25. Qa3 Rf4 26. Nxd6+ Kf8 27. Nxf7+ Kg8 28. Nxh8 Ne3 29. g7 Rb4 30. Qa2 Nc4 31.
b3 Bxc3 32. Nf7 {1-0 Sutovsky,E (2651)-Efimenko,Z (2680) Kallithea 2008}) (
12... Nc5 13. Bg2 O-O 14. g5 Nfd7 15. Kb1 Nb6 16. f5 e5 17. Nb3 Nca4 18. Nxa4
bxa4 19. Na5 Rfc8 20. f6 Bf8 21. fxg7 Bxg7 22. Bh3 Rcb8 23. Be1 d5 24. Bb4 d4
25. Bf5 Bc8 26. Rhf1 Bxf5 27. Rxf5 Rd8 28. Rd3 Nc4 29. Rh3 Ne3 30. Qh5 h6 31.
Rf2 Bf8 32. Bxf8 Rd7 {1-0 Ponomariov,R (2719)-Fercec,N (2481) Kallithea 2008})
13. g5 Nfd7 14. f5 e5 15. Nf3 $1 {Novedad de Shirov} ({en la única partida que
figura esta posición se había jugado} 15. Nb3) 15... Nc4 16. Bh3 $1 f6 ({a} 
16... O-O-O {seguiría} 17. f6 gxf6 18. gxf6 Bf8 {y la posibilidad del salto}
19. Ng5 {es una diferencia vital con respecto a 15.Nb3} Bh6 20. Rhg1) ({
y no es posible} 16... Nxa3 $2 17. f6 gxf6 18. Bxd7+ Kxd7 19. gxf6 Bd8 20.
Nxe5+ {y el el caballo de f3 decide la partida}) 17. gxf6 gxf6 (17... Bxf6 18.
Ng5 {no es deseable para las negras}) 18. Nd5 $6 ({La opción son las
complicaciones que empiezan con} 18. Rhg1 $1 Nxa3 19. Rg7 {que parece
favorecer a las blancas. Por ejemplo:} Nc4 (19... b4 20. Nd5 Bxd5 21. Rxd5 Nc4
22. Nd2 $1) 20. Nd2 $3 {otra vez este caballo es la clave, las blancas
amenazan irrumpir con la Q en el flanco de rey,}) 18... Bxd5 19. Rxd5 Ndb6 20.
Rd3 b4 $1 ({la alternativa sólida es} 20... O-O-O) 21. a4 $2 (21. axb4 a5 22.
b5 a4 {ofrece contrajuego a las negras. pero los peligros de la continuación
de Shirov no van a ser ni mucho menos menores}) 21... Nxb2 $1 22. Kxb2 Nxa4+
23. Kc1 Nc3 {La iniciativa está ahora en manos del GM sueco} 24. Qe3 Rc8 25.
Kd2 d5 $2 ({Después de} 25... Qa5 $1 {la posición blanca es crítica}) 26. exd5
$1 e4 27. Bxf6 $1 {Shirov no deja pasar la oportunidad de incendiar el tablero,
la situación es muy confusa} Bxf6 28. d6 Qd7 $2 {A pesar de ser también un
conocido pirómano Berg no logra esta vez estar a la altura} ({Con} 28... Qc6 $1
29. d7+ Kf7 30. dxc8=Q Rxc8 {las negras coordinan sus fuerzas, recuperan
material y mantienen el rey en relativa seguridad}) 29. Ne5 $1 {A partir de
este momento Alexei ya no perdona} Bxe5 30. f6 Nb1+ 31. Ke1 Qc6 32. d7+ Kf7 33.
dxc8=Q Rxc8 34. Rd7+ Ke8 35. Re7+ Kd8 36. Rxe5 {y las negras abandonan, una
partida espectacular.} 1-0

[Event "Tata Steel-A 81st"]
[Site "Wijk aan Zee"]
[Date "2019.01.18"]
[Round "6"]
[White "Anand, Viswanathan"]
[Black "Nepomniachtchi, Ian"]
[Result "1/2-1/2"]
[WhiteElo "2773"]
[BlackElo "2763"]
[Annotator "Fernandez,D"]
[PlyCount "44"]
[EventDate "2019.01.12"]
[EventType "tourn"]
[EventRounds "13"]
[EventCountry "NED"]
[EventCategory "21"]
[SourceTitle "CBM 188"]
[Source "ChessBase"]
[SourceDate "2018.12.21"]
[SourceVersion "1"]
[SourceVersionDate "2018.12.21"]
[SourceQuality "1"]

1. e4 c5 2. Nf3 d6 3. d4 cxd4 4. Nxd4 Nf6 5. Nc3 a6 6. Bg5 e6 (6... Nbd7 7. Qe2
h6 8. Bh4 g6 9. f4 e5 10. fxe5 dxe5 11. O-O-O {is the main line worth bearing
in mind when you view the next 4-5 moves of the game.}) 7. f4 Nbd7 8. Qe2 h6 9.
Bh4 e5 10. fxe5 dxe5 11. Nf5 (11. O-O-O {doesn't work as well here as in the
analogous lines with ...g6.} exd4 12. e5 Be7 13. Rxd4 (13. exf6 Nxf6 14. Bxf6
gxf6 15. g3 Be6 $132) 13... O-O 14. exf6 Bxf6 15. Bxf6 Qxf6 $11) 11... Nb6 {
A sign that Black is well-prepared even in this sideline.} (11... g6 12. Ne3
Be7 13. O-O-O b5 {looks more natural but leaves Black worse, e.g.} 14. Bxf6
Bxf6 15. g3 $14) 12. Qf3 (12. Qd3 Bxf5 13. exf5 Qxd3 14. Bxd3 Bb4 15. O-O Bxc3
16. bxc3 O-O-O 17. Rab1 Rd6 18. Rfe1 $11 {Lomasov,S-Sarana,A Loo 2018}) 12...
Bxf5 13. Qxf5 Be7 14. Bd3 Nfd7 15. Bxe7 (15. O-O Bc5+ 16. Bf2 Qe7 $11) 15...
Qxe7 16. O-O-O O-O 17. Kb1 Nc5 18. Be2 Rad8 19. Qf2 $1 {White has acheived
nothing from the opening; that much is clear. What remains for him to do is to
play suitably circumspect moves so that he doesn't end up worse.} Qc7 20. Qe3
Qc6 21. Rhe1 Rfe8 22. a3 Kf8 {I suppose this move indicates a willingness to
repeat the position by artificial methods if necessary, and the arbiters were
disinclined to stand in the way of the draw anyway. That all being said, could
not Black have played on at the end?} (22... Rxd1+ 23. Rxd1 Ne6 {makes sense,
with either ...Qc5 or ...Nd4 in the pipeline, when it is hard to see what
White can constructively do. Though, of course, the position is still level.}
24. Nd5 Nd4 25. c3 Nxe2 26. Qxe2 Nc4 $11) 1/2-1/2